000 00562nam a22002057a 4500
005 20230120131203.0
008 220618b ||||| |||| 00| 0 eng d
020 _a9789391883331
040 _aIN-DiNC
_cIN-DiNC
041 _dasm
082 _a339.01
_bAHM
100 _aAhmed Rofique
_eauthor
245 _aAdhunik samastigata arthabigyan
_cby Rofique Ahmed and Rima Rabha
250 _a1st ed.
260 _aJorhat:
_bUnika Prakashan,
_c2022.
300 _a222p.
650 _aAdvanced Macro Economics
700 _aRabha Rima
_eauthor
942 _2ddc
_cBK
999 _c11336
_d11336